UNDERSTANDING ANESTHESIA EQUIPMENT (Record no. 14826)

MARC details
000 -LEADER
fixed length control field 00279nam a22001217a 4500
003 - CONTROL NUMBER IDENTIFIER
control field SGT
082 ## - DEWEY DECIMAL CLASSIFICATION NUMBER
Classification number 617.96
Item number U17D
100 ## - MAIN ENTRY--PERSONAL NAME
Personal name DORSCH, JERRY A.
245 ## - TITLE STATEMENT
Title UNDERSTANDING ANESTHESIA EQUIPMENT
260 ## - PUBLICATION, DISTRIBUTION, ETC. (IMPRINT)
Place of publication, distribution, etc INDIA
Name of publisher, distributor, etc WOLTER KLUWER
Year of Publication 2017
300 ## - PAGE DESCRIPTION
No. of Pages 1036
942 ## - ADDED ENTRY ELEMENTS (KOHA)
Source of classification or shelving scheme Dewey Decimal Classification
Koha item type Books
942 ## - ADDED ENTRY ELEMENTS (KOHA)
-- 5
Holdings
Withdrawn status Lost status Source of classification or shelving scheme Damaged status Not for loan Collection code Home library Current library Shelving location Date acquired Vendor Name SGTU Total Checkouts Full call number Accession No. (Barcode) Date last seen Date last borrowed Bill Date Koha item type
    Dewey Decimal Classification     MEDICAL SGT Medical Library SGT Medical Library Reference Book 29/01/2018 ABC SGTU 5 617.96 U17D FM9679 14/06/2024 10/06/2024 29/01/2018 Books